Reimagining Our Futures Together : A New Social Contract for Education /
In Reimagining Our Futures Together: A New Social Contract for Education , the International Commission on the Futures of Education presents a compelling vision for transforming education to address global challenges. Drawing from a global consultation engaging approximately one million people, the...
التنسيق: كتاب الكتروني
اللغة: English
منشور في:
Leiden ; Boston :
Brill,
2025.
سلاسل:
Educational Research E-Books Online, Collection 2026.
الموضوعات:
الوصول للمادة أونلاين: Login to view Source
الوسوم: إضافة وسم
رقم الطلب: LA227.3
| LEADER | 02248nam a22004458i 4500 | ||
|---|---|---|---|
| 001 | BRILL9789004738058 | ||
| 003 | nllekb | ||
| 005 | 20251116180213.0 | ||
| 006 | m d | ||
| 007 | cr un uuuua | ||
| 008 | 250606s2025 gw sb 001 0 eng d | ||
| 020 | |a 9789004738058 |q (electronic book) | ||
| 020 | |z 9789004738041 |q (print) | ||
| 024 | 7 | |a 10.1163/9789004738058 |2 DOI | |
| 035 | |z (OCoLC)1506117405 | ||
| 040 | |a NL-LeKB |c NL-LeKB |e rda | ||
| 041 | |a eng | ||
| 050 | 4 | |a LA227.3 | |
| 072 | 7 | |a EDU |x 000000 |2 bisacsh | |
| 072 | 7 | |a JN |2 bicssc | |
| 082 | 0 | 4 | |a 378/.012/0973 |2 23 |
| 245 | 0 | 0 | |a Reimagining Our Futures Together : |b A New Social Contract for Education / |c edited by UNESCO. |
| 246 | 3 | |a A New Social Contract for Education | |
| 264 | 1 | |a Leiden ; |a Boston : |b Brill, |c 2025. | |
| 264 | 4 | |c ©2025 | |
| 336 | |a text |b txt |2 rdacontent | ||
| 337 | |a computer |b c |2 rdamedia | ||
| 338 | |a online resource |2 rdacarrier | ||
| 490 | 1 | |a Educational Research E-Books Online, Collection 2026 | |
| 504 | |a Includes bibliographical references and index. | ||
| 520 | |a In Reimagining Our Futures Together: A New Social Contract for Education , the International Commission on the Futures of Education presents a compelling vision for transforming education to address global challenges. Drawing from a global consultation engaging approximately one million people, the report advocates for a new social contract grounded in human rights, social justice, and sustainability. It emphasizes the need for education systems that promote cooperation, solidarity, and ecological responsibility. By highlighting innovative practices and diverse perspectives, the report offers actionable recommendations to build peaceful, just, and sustainable futures through education. | ||
| 546 | |a English | ||
| 588 | |a Description based on print version record. | ||
| 650 | 0 | |a Education. | |
| 650 | 0 | |a Educational Leadership. | |
| 776 | 0 | 8 | |i Print version: |t Reimagining Our Futures Together : A New Social Contract for Education. |d Leiden ; Boston : Brill, 2025. |z 9789004738041 |
| 830 | 0 | |a Educational Research E-Books Online, Collection 2026. | |
| 856 | 4 | |z DOI: |u http://dx.doi.org/10.1163/9789004738058 | |
| 942 | |2 lcc |c EBOOK | ||
| 999 | |c 61570 |d 61570 | ||
